[Event "WYCC 2018 O18"]
[Site "Halkidiki"]
[Date "2018.10.26"]
[Round "7"]
[White "Shevchenko, Kirill"]
[Black "Gumularz, Szymon"]
[Result "1/2-1/2"]
[WhiteElo "2549"]
[BlackElo "2441"]
[Annotator "TA"]
[PlyCount "72"]
[EventDate "2018.10.20"]
[EventType "swiss"]
[EventCountry "GRE"]
[SourceTitle "playchess.com"]
[Source "ChessBase"]
[SourceQuality "1"]

{[%evp 19,72,28,52,58,59,38,76,44,51,45,103,52,58,0,26,-62,-61,-83,-79,-131,0,0,0,0,0,0,12,0,64,48,36,45,37,18,33,0,68,76,122,43,50,56,58,33,116,147,135,0,0,0,0,0,0,-143,0]} 1. e4 c6 2. d4 d5 3. Nc3 dxe4 4. Nxe4 Nf6 5. Nxf6+ exf6 6. c3 Bd6 7. Bd3 O-O 8. Qc2 Re8+ {B15: Caro-Kann: 3 Nc3: 3...g6 and 3...dxe4 4 Nxe4 Nf6 5 Nxf6+ exf6} 9. Ne2 h5 10. Be3 h4 {LiveBook: 3 Games. White has an edge.} (10... Nd7 11. O-O-O Nf8 12. c4 Be6 13. Nc3 Bb4 14. Ne4 Qa5 15. a3 Be7 16. Rhe1 f5 {½-½ (55) Savchenko,B (2562)-Artemiev,V (2706) Sochi 2018}) 11. O-O-O Be6 $146 ({Predecessor:} 11... Nd7 12. g3 h3 13. Bh7+ Kh8 14. Bf5 Nf8 15. d5 Qa5 16. Rd4 Kg8 17. Rhd1 {0-1 (46) Arvola,B (2435)-Risting,E (2295) Stavanger 2017}) 12. c4 a5 13. Nc3 Na6 14. a3 Qb8 (14... Nc7 $14) 15. Qe2 (15. c5 $16) 15... f5 16. Qh5 b5 $1 17. c5 (17. cxb5 $11 cxb5 18. Nxb5 (18. Bxb5 Rc8 $15)) 17... b4 $15 18. axb4 axb4 19. Na4 (19. cxd6 bxc3 20. Qe2 Nb4 $19) (19. Ne2 $142 g6 20. Qxh4) 19... Bf4 ({Black should try} 19... Nxc5 $1 $17 20. Nxc5 Bxc5) 20. Bxf5 Bxf5 21. Qxf5 Bxe3+ 22. fxe3 Rxe3 23. Nb6 Ra7 ({Black should play} 23... Nxc5 $11 24. dxc5 (24. Qxc5 $2 Ra1+ 25. Kc2 b3+ 26. Kd2 Rxd1+ 27. Kxd1 Qf4 $19) 24... Ra1+ 25. Kc2 b3+ 26. Kd2 Re5 27. Qc8+ Qxc8 28. Nxc8 Ra2) 24. Rhe1 Rae7 25. Rxe3 Rxe3 26. Nc4 $36 {[%mdl 2048] White has good play.} Re6 27. Nd6 Qf8 (27... Rf6 $11 28. Qd7 Nc7) 28. Qf3 $14 Nb8 29. Qb3 (29. Rf1 $16) 29... Nd7 30. Qxb4 Qe7 31. Kb1 {Threatens to win with Qa4.} Re2 {[#]} (31... Qg5 $14) 32. d5 $1 $16 {[%cal Rd5c6]} Ne5 {[#]} 33. Re1 (33. Qb7 $1 $16 {[%cal Rb7e7]} Qxb7 34. Nxb7) 33... Nd3 $1 $11 {[%cal Rd3b4]} 34. Rxe2 Qxe2 35. Qb8+ Kh7 {White must now prevent ...Qd1+.} 36. Ka2 (36. dxc6 $11 Qd1+ 37. Ka2) 36... Nxc5 {Precision: White = 44%, Black = 54%.} ({Better is} 36... Qxg2 $17 37. dxc6 Qxc6) 1/2-1/2

[Event "WYCC 2018 O18"]
[Site "Halkidiki"]
[Date "2018.10.26"]
[Round "7"]
[White "Van Foreest, Lucas"]
[Black "Moroni, Luca Jr"]
[Result "0-1"]
[WhiteElo "2499"]
[BlackElo "2554"]
[Annotator "TA"]
[PlyCount "70"]
[EventDate "2018.10.20"]
[EventType "swiss"]
[EventCountry "GRE"]
[SourceTitle "playchess.com"]
[Source "ChessBase"]
[SourceQuality "1"]

{[%evp 15,70,0,0,0,0,0,37,37,18,33,21,2,14,7,29,0,27,0,0,18,198,164,217,201,186,62,27,34,56,0,0,0,0,-550,-541,-508,-506,-863,-621,-1077,-986,-1286,-1279,-1181,-1114,-932,-937,-1085,-1152,-1898,-1896,-6207,-6207,-6183,-6207,-5210,-4814]} 1. e4 e5 2. Nf3 Nc6 3. d4 exd4 4. Nxd4 Bc5 5. Nxc6 bxc6 6. Bd3 Qh4 {C45: Schottische Partie} 7. Qe2 Nf6 8. h3 d5 {LiveBook: 6 Partien. Die Stellung ist ausgeglichen.} 9. exd5+ Kd8 {[#] Und weiter mit ...Te8 wäre nett.} 10. g3 $146 ({Vorgänger:} 10. O-O Bxh3 11. Qe5 Bxg2 12. Kxg2 Bd6 13. Qf5 Qh2+ 14. Kf3 Re8 15. Bg5 Qh5+ 16. Kg2 Qh2+ 17. Kf3 Qh5+ 18. Kg2 Qh2+ 19. Kf3 Qh5+ 20. Kg2 Re5 {½-½ (20) Nataf,I (2541)-Istratescu,A (2667) Saint-Quentin 2014}) 10... Qd4 11. c4 Re8 12. Be3 $1 {Droht Sc3 und aus.} Qe5 $1 13. Bxc5 Qxb2 $1 {[%cal Rb2c1]} 14. Be3 Qxa1 15. dxc6 Re7 {zielt auf ...Tb8 ab.} 16. g4 Qe5 17. O-O $1 h5 $2 (17... Ke8 $11 {und Schwarz ist OK.}) 18. g5 $18 Bxh3 (18... Nd5 {war nötig.}) 19. gxf6 gxf6 20. Qf3 (20. Re1 $18) 20... Bxf1 $14 21. Kxf1 Rb8 22. Nd2 ({Günstiger ist} 22. Na3 $1 $14) 22... Rb2 $11 23. Ne4 Rxa2 24. Nxf6 $2 {[%mdl 8192]} (24. Bb1 $11 {und Weiss muss sich keine Sorgen machen.}) 24... Qa1+ $19 {Schwarz steht klar auf Gewinn.} 25. Kg2 {[#] Beabsichtigt Dd5+ und Matt.} Rxe3 $1 {[%mdl 512]} 26. Qd5+ (26. Qxe3 $142 Qxf6 27. Qc5) 26... Ke7 27. Qc5+ Kxf6 28. Qxe3 {[%mdl 4096] Endspiel KDT-KDL} Qe5 {( -> ...Dxe3)} 29. Qf3+ Kg7 30. Bf5 Ra5 31. Bb1 Qd4 32. Be4 Rg5+ 33. Kf1 a5 34. Bd5 Qa1+ 35. Ke2 Qb2+ {Precision: Weiß = 50%, Schwarz = 76%.} 0-1

[Event "WYCC 2018 O18"]
[Site "Halkidiki"]
[Date "2018.10.26"]
[Round "7"]
[White "Gazik, Viktor"]
[Black "Abdusattorov, Nodirbek"]
[Result "1/2-1/2"]
[WhiteElo "2486"]
[BlackElo "2558"]
[Annotator "TA"]
[PlyCount "102"]
[EventDate "2018.10.20"]
[EventType "swiss"]
[EventCountry "GRE"]
[SourceTitle "playchess.com"]
[Source "ChessBase"]
[SourceQuality "1"]

{[%evp 20,102,6,0,45,0,3,7,28,14,15,-22,38,-20,-20,-21,-21,-20,-17,-21,-22,-14,-10,-18,-11,-32,-34,-37,-29,-31,-35,-31,-30,-38,-45,-45,-45,-61,-55,-63,-55,-55,-30,-37,-8,-1,-2,-5,0,0,0,0,0,0,-8,-10,0,0,0,0,0,0,0,0,0,0,0,0,0,0,0,0,0,0,0,0,0,0,0,0,0,0,0,0,0]} 1. e4 {Lenderman,A} c5 2. Nc3 d6 3. f4 g6 4. Nf3 Bg7 5. g3 Nc6 6. Bg2 e5 7. d3 Nge7 8. O-O O-O 9. Be3 Nd4 10. Qd2 Bg4 11. Nh4 {LiveBook: 25 Games} Be6 $146 {B25: Closed Sicilian: 3 g3, lines without early Be3} ({Predecessor:} 11... exf4 12. Bxf4 Qd7 13. Rf2 Rae8 14. Bh6 Bxh6 15. Qxh6 b5 16. h3 Be6 17. Raf1 Qd8 18. Nb1 d5 19. Nd2 dxe4 20. Nxe4 Nef5 21. Rxf5 Nxf5 22. Rxf5 {1-0 (46) Adhiban,B (2653)-Andreikin,D (2736) Wijk aan Zee 2017 CBM 177 [Lenderman,A]}) 12. Rf2 exf4 13. Bxf4 Ndc6 14. Nf3 Ne5 15. h3 Qd7 (15... Nxf3+ $11 16. Rxf3 Qd7) 16. Kh2 (16. Ng5 $14) 16... Nxf3+ $11 17. Rxf3 d5 {[%cal Bd6d5,Bd5d4][%mdl 32]} 18. Bh6 d4 19. Ne2 Nc6 20. Bxg7 Kxg7 21. Raf1 f6 22. b3 Qd6 23. a4 Ne5 24. R3f2 Rf7 25. Ng1 Raf8 26. Nf3 Nc6 27. Qf4 Qe7 28. Qd2 Bc8 29. Nh4 Qc7 30. Nf3 Re7 31. Qf4 Ne5 32. Nxe5 {The position is equal.} Qxe5 33. h4 Bd7 34. Bh3 {[#] Qxe5 is the strong threat.} Bc6 35. g4 h6 36. g5 {[%cal Rg5f6]} hxg5 37. hxg5 Ref7 (37... f5 {with more complications.} 38. exf5 Qxf4+ 39. Rxf4 gxf5 40. Rxf5 Rh8) 38. gxf6+ Qxf6 39. Qxf6+ Rxf6 40. Rxf6 Rxf6 41. Rxf6 Kxf6 {[%mdl 4096] Endgame KB-KB} 42. a5 $1 b6 43. axb6 axb6 44. Kg3 g5 45. Bg4 b5 46. Be2 Ke5 47. Kg4 Kf6 48. Kg3 Be8 49. Bf3 Ke5 50. Kg4 Kf6 51. Kg3 Ke5 {Precision: White = 59%, Black = 58%.} 1/2-1/2

[Event "WYCC 2018 O18"]
[Site "Halkidiki"]
[Date "2018.10.26"]
[Round "7"]
[White "Livaic, Leon"]
[Black "Torres Cueto, Jesus Marcial"]
[Result "1-0"]
[WhiteElo "2481"]
[BlackElo "2078"]
[Annotator "TA"]
[PlyCount "75"]
[EventDate "2018.10.20"]
[EventType "swiss"]
[EventCountry "GRE"]
[SourceTitle "playchess.com"]
[Source "ChessBase"]
[SourceQuality "1"]

{[%evp 17,75,40,46,37,41,43,50,47,52,51,49,51,78,62,67,36,60,46,68,56,73,99,112,130,103,108,100,104,210,188,196,202,194,195,252,249,217,196,298,283,302,286,297,286,268,261,573,633,584,298,313,274,1382,1356,1181,919,1378,1377,1324,1258]} 1. d4 d5 2. c4 dxc4 3. e3 Nf6 4. Bxc4 e6 5. Nf3 c5 6. O-O a6 7. b3 b5 {D27: Queen's Gambit Accepted: Classical main line: 7 e4!? and 7 a4} 8. Be2 cxd4 (8... Nbd7 9. Bb2 Bb7 10. Nbd2 cxd4 11. Nxd4 Bd6 12. a4 bxa4 13. Nc4 Be7 14. Rxa4 Nc5 15. Ra2 O-O 16. Na5 Qb6 17. Nxb7 Nxb7 {1-0 (29) Vidit,S (2711)-Xiong,J (2651) chess.com INT 2018}) 9. Nxd4 Bb7 {LiveBook: 3 Games. White is slightly better.} 10. Bb2 Be7 11. a4 b4 12. Nd2 O-O 13. Rc1 Nd5 14. Bf3 Ra7 $146 ({Predecessor:} 14... Nd7 15. Nc4 {1-0 (43) Narciso Dublan,M (2511)-Espinosa Aranda,A (2156) Navalmoral 2006}) 15. Nc4 Bf6 16. Qe2 Ba8 17. Rfd1 Rd7 18. a5 Bb7 19. h3 g6 20. Qe1 Qe7 21. e4 $36 {[%mdl 2048] Black is under strong pressure.} Nf4 22. e5 Bg5 (22... Bh8 $16) 23. Bxb7 $18 Rxb7 24. Nd6 {[%cal Bc4d6,Bd6e4,Be4f6][%mdl 32]} Nd5 25. Rc4 ({Weaker is} 25. Nxb7 Bxc1 26. Rxc1 (26. Bxc1 Qxb7 27. Bd2 Rc8 $11) 26... Qxb7 $11) 25... Rc7 (25... Rd7 {was necessary.} 26. Nc2 Rc7) 26. Nf3 {Strongly threatening Ne4.} Bh6 {[#]} 27. Ne4 $1 {[%cal Re4f6]} Bg7 {[#]} (27... Rxc4 $142 28. bxc4 Nf4 29. Nf6+ Kg7) 28. Nf6+ $1 {[%mdl 512]} Kh8 (28... Nxf6 29. exf6) 29. Nxd5 exd5 30. Rxc7 ({Not} 30. Rxd5 Rxc4 31. bxc4 Rc8 $16) ({Don't do} 30. Rxb4 $6 Rc2 $18) 30... Qxc7 31. Qxb4 Rd8 $2 (31... Qc2 {is tougher.} 32. Rd2 Qb1+ 33. Kh2 Qe4) 32. Rc1 Qd7 33. Qc5 Kg8 34. Qc7 Qe8 $2 {[#]} (34... Bh6 35. Rc2 Qxc7 36. Rxc7 Nd7) 35. e6 $1 {[%cal Be5e6,Be6e7][%mdl 544] aiming for exf7+.White is clearly winning.} f6 (35... Qxe6 36. Qxd8+) 36. Ba3 Bh6 37. e7 Rd7 38. Qc8 {Precision: White = 83%, Black = 44%.} 1-0

[Event "WYCC 2018 O18"]
[Site "Halkidiki"]
[Date "2018.10.26"]
[Round "7"]
[White "Fakhrutdinov, Timur"]
[Black "Triapishko, Alexandr"]
[Result "1/2-1/2"]
[WhiteElo "2472"]
[BlackElo "2508"]
[Annotator "TA"]
[PlyCount "173"]
[EventDate "2018.10.20"]
[EventType "swiss"]
[EventCountry "GRE"]
[SourceTitle "playchess.com"]
[Source "ChessBase"]
[SourceQuality "1"]

{[%evp 22,173,57,22,21,37,36,23,0,4,60,68,69,41,67,43,50,69,64,31,43,7,58,0,0,0,0,-31,0,0,0,0,0,0,0,0,0,-22,0,0,0,0,0,0,0,0,7,0,3,-25,-12,-12,-12,-60,-48,-90,-90,-90,-80,-77,-77,-87,-77,-96,-92,-94,-114,-101,-111,-111,-102,-125,-72,-76,-76,-175,-71,-71,-77,-97,-71,-71,-71,-71,-71,-80,-80,-87,-66,-52,-8,-8,-8,-8,-8,-124,-111,-136,-26,-138,0,0,0,-8,0,0,0,0,0,-7,-7,-8,-7,-7,0,0,0,-8,0,-8,0,0,-8,-8,0,-8,-8,-8,0,-8,0,0,0,0,0,0,0,0,0,0,0,0,0,0,0,0,0,0,0,0,0,0,0,0]} 1. e4 c5 2. Nf3 d6 3. d4 cxd4 4. Nxd4 Nf6 5. Nc3 a6 6. h3 g6 7. g4 Bg7 8. Be3 {B90: Sizilianisch (Najdorf-Variante, Abweichungen)} O-O 9. Bg2 Nc6 10. Qd2 Bd7 11. O-O-O b5 12. f4 {LiveBook: 3 Partien} b4 13. Nd5 Nxd5 14. exd5 Nxd4 15. Bxd4 {[#]} a5 $146 (15... Bxd4 $11 16. Qxd4 a5) ({Vorgänger:} 15... Bxd4 16. Qxd4 {½-½ (56) Howell,D (2634)-Banikas,H (2620) Al Ain 2012}) 16. Bxg7 $14 Kxg7 17. Rhe1 Rc8 18. f5 f6 19. fxg6 hxg6 20. Be4 Rh8 21. Qd3 Be8 (21... g5 $11) 22. Re3 (22. h4 $1 $14) 22... Bf7 23. Rde1 Rc7 24. g5 f5 25. Qd4+ Kg8 26. Bd3 {[%cal Be4d3,Bd3b5,Bb5c6][%mdl 32]} Rh7 27. Bb5 Kf8 28. Bc6 Qb8 29. Rf1 Qa7 30. Qxa7 Rxa7 31. Rf4 $1 Be8 32. Bxe8 Kxe8 $11 {[%mdl 4096] Endspiel KTT-KTT} 33. a3 Rb7 34. Rb3 Rb5 35. c4 Rb7 36. h4 Kf7 37. axb4 a4 $1 {[%cal Ra4b3]} 38. Re3 Rxb4 39. Kb1 Rh8 40. Ka2 Rhb8 41. Re2 Rc8 42. Rc2 Rb3 43. h5 gxh5 {Droht stark ...Kg6.} 44. Rxf5+ Kg6 45. Rf4 Re3 46. Rg2 Rh8 (46... Re1 $142 47. Rh4 Re5) 47. c5 $17 dxc5 {Und weiter mit ...h4 wäre nett.} 48. Rxa4 (48. d6 $17 {war einen Versuch wert.}) 48... Rd8 (48... h4 $19 {und Schwarz behält klar die Oberhand.} 49. Ra6+ Kg7) 49. Ra6+ Rd6 $1 {[%cal Rd6a6]} 50. Ra8 Rxd5 51. Rh8 Rh3 52. Rh6+ Kg7 53. Re6 {[#]} Rd7 $1 54. g6 Ra7+ 55. Kb1 h4 {[%cal Bh5h4,Bh4h3][%mdl 32]} 56. Rf2 Rg3 57. Rf7+ Kg8 {Droht ...Td7 und aus.} 58. Rf5 (58. Rh7 $11) 58... h3 59. Rh5 {[#]} Rd7 ({Besser ist} 59... Rg1+ $1 $17 60. Kc2 Rg2+ 61. Kc3 h2) 60. Kc2 (60. Re4 $1 $11) 60... Kg7 (60... Rg2+ $17 61. Kc3 h2) 61. Rh7+ $11 {Die Stellung ist ausgeglichen.} Kg8 62. Re5 Rc7 63. Rd5 {[%cal Rd5d8]} Rxg6 (63... Rg2+ {keeps more tension.} 64. Kc3 Rxg6 65. Rxh3 Kf7 66. Rhh5 Rg3+) 64. Rxh3 Kf7 65. Rc3 (65. Rhh5 {with more complications.} Rg2+ 66. Rd2 Rg4 67. Rdd5 Rb4 68. Kc1) 65... Rg2+ 66. Rd2 Rxd2+ (66... Rg4 {feels hotter.} 67. b3 Rc6 68. Rd5 c4 69. bxc4 Rcxc4 70. Rxc4 Rxc4+ 71. Kd2 Rb4) 67. Kxd2 {KT-KT} Ke6 68. Re3+ Kd5 69. Rd3+ Ke4 70. Re3+ Kf4 71. Re6 Kf5 72. Rb6 Rd7+ 73. Ke3 c4 {...Td3+ ist eine echte Drohung.} 74. Rb4 Rc7 75. Rb8 e6 {[%cal Be7e6,Be6e5][%mdl 32]} 76. Kd4 e5+ 77. Kd5 Kf4 78. Rh8 e4 {Und ...e3 würde nun gewinnen.} 79. Rh4+ Kf3 80. Rxe4 Rd7+ 81. Kc6 Kxe4 82. Kxd7 {KB-KB} Kd5 83. Kc7 Kc5 84. Kb7 Kb4 85. Kc6 Kb3 86. Kc5 Kxb2 {( -> ...c3)} 87. Kxc4 {Precision: Weiß = 63%, Schwarz = 50%.} 1/2-1/2

[Event "WYCC 2018 O18"]
[Site "Halkidiki"]
[Date "2018.10.26"]
[Round "7"]
[White "Pultinevicius, Paulius"]
[Black "Tran, Minh Thang"]
[Result "1/2-1/2"]
[WhiteElo "2465"]
[BlackElo "2341"]
[Annotator "TA"]
[PlyCount "198"]
[EventDate "2018.10.20"]
[EventType "swiss"]
[EventCountry "GRE"]
[SourceTitle "playchess.com"]
[Source "ChessBase"]
[SourceQuality "1"]

{[%evp 19,198,16,13,6,22,22,24,35,26,31,34,22,29,28,33,19,18,18,21,1,4,10,34,54,67,26,39,40,32,33,57,43,50,55,41,31,80,87,94,27,130,122,116,108,116,0,0,-128,-108,-180,0,0,0,-371,-364,-348,-375,-322,-335,-254,0,-8,0,-28,0,0,691,651,632,597,577,571,528,488,488,400,355,359,316,0,0,0,0,0,0,0,0,0,0,0,0,0,0,-75,0,0,0,0,0,0,0,0,0,0,0,0,0,0,0,0,0,0,0,0,0,0,0,0,0,-3,0,0,0,0,0,0,0,0,0,0,0,0,0,-7,-11,-37,-37,-39,-40,-40,-40,-48,-48,-48,0,0,0,-60,-56,-48,-58,-58,0,0,0,-55,0,0,0,-59,-55,-55,-60,-55,-62,-87,-74,-159,0,0,0,0,0,0,0,0,0,0,0,0,0]} 1. Nf3 Nf6 2. c4 e6 3. d4 d5 4. Nc3 Bb4 5. Qb3 c5 6. dxc5 Na6 {[%cal Bb8a6,Ba6c5,Bc5e4][%mdl 32] D38: Queen's Gambit Declined: Ragozin Defence (4 Nf3 Bb4)} 7. a3 Bxc3+ 8. Qxc3 Nxc5 9. cxd5 Qxd5 10. Be3 Nce4 {LiveBook: 27 Games} 11. Qe5 Qxe5 12. Nxe5 {Black should prevent f3.} Nd5 13. Bc1 Nc5 14. b4 {[#]} Nb3 $146 15. Rb1 Nxc1 16. Rxc1 f6 17. Nd3 b6 18. e4 Ne7 19. Nf4 e5 20. Nh5 Bg4 21. Nxg7+ Kf7 22. h3 (22. f3 {is interesting.} Rhc8 23. Rxc8 Bxc8 24. Nh5 a5 25. b5) 22... Rhc8 23. Rxc8 Bxc8 24. Nh5 Be6 25. Ba6 Rb8 $1 {Threatens to win with ...b5.} 26. Bb5 a6 27. Bd3 (27. Bxa6 b5 $15) 27... Nc6 28. O-O ({Don't play} 28. Bxa6 b5 $15) 28... a5 29. b5 (29. Rc1 $16 Ne7 30. bxa5) 29... Rd8 (29... Nd4 $11) 30. bxc6 $16 Rxd3 {[%mdl 4096] Endgame KRB-KRN} 31. f4 Ke7 32. Rc1 (32. Rb1 $1 $16) 32... Rxa3 $11 33. f5 (33. c7 $11 {remains equal.} Bc8 34. Rc6) 33... Bc8 $17 34. Rb1 (34. c7 $17 {might work better.} a4 35. Rc6 Ra1+ 36. Kh2) 34... a4 $2 (34... Ra4 $1 $19 35. Re1 b5) 35. Rb4 $11 Ra1+ 36. Kh2 $2 {[%mdl 8192]} (36. Kf2 $11) 36... a3 $19 37. Ra4 b5 $1 {[%cal Rb5a4]} 38. Ra7+ Kd6 {And now ...b4 would win.} 39. Nxf6 a2 $2 (39... Kxc6 $19 {Hoping for ...b4.} 40. Nd5 Bxf5 $1 {[%mdl 512]} 41. Nb4+ Kb6 42. Ra6+ Kc5) 40. Nd5 $132 {[%mdl 2048] White is not keeping still} Bxf5 41. c7 Rc1 42. Ra6+ Rc6 $2 {[%mdl 8192]} (42... Kd7 $11 43. Rxa2 Be6) 43. exf5 $18 Rxa6 44. c8=Q a1=Q {KQR-KQN} 45. Nb4 $1 {[%cal Rb4a6]} Ra7 46. Qc6+ Ke7 47. Nd5+ Kf7 48. Qe6+ $1 Kf8 {[#]} 49. Nf6 $2 (49. Qh6+ $1 $18 Ke8 50. Qe6+ Kf8 51. Qh6+ Ke8 52. Qc6+ Kf7 53. Qf6+ Kg8 54. Qd8+ Kf7 55. Nc7 Rxc7 56. Qxc7+ Kf6 57. Qxh7) 49... Qd4 $11 50. Qg8+ Ke7 51. Qe6+ Kf8 (51... Kd8 $5 52. Nd5 $8 Qc5 $14) 52. Qg8+ Ke7 53. Nh5 {Strongly threatening f6+.} Kd6 (53... Ra1 $5 54. f6+ $8 Kd7 $11) 54. f6 $1 {[%cal Rf6f7]} Qc4 55. Qb8+ Rc7 56. Ng3 {[#]} (56. Ng7 $1 $11 {keeps the balance.} Qf4+ 57. Kg1 Qe3+ 58. Kh2 Qf4+ 59. Kg1 Qe3+ 60. Kh2 Qf4+) 56... Qf4 (56... Ke6 $1 $17 57. Ne4 Kd5) 57. Qb6+ Rc6 58. Qd8+ Kc5 59. Qe7+ Kc4 60. Qf7+ $1 Kb4 61. Qe7+ Ka4 62. Qa7+ $1 Kb3 63. Qb7 $1 {[%cal Rb7b5]} Rxf6 64. Qxb5+ Kc3 65. Qc5+ Kd2 66. Qa5+ Kd1 67. Qa1+ Kc2 {...Rb6 is the strong threat.} 68. Qa2+ Kc3 {White must now prevent ...Rb6.} 69. Kh1 Kb4 70. Qb2+ Kc5 71. Nh5 Qf1+ 72. Kh2 Re6 73. Qa3+ Kc6 74. Qa8+ Kd6 75. Qd8+ Kc5 76. Qa5+ Qb5 77. Qc3+ Kb6 78. Qe3+ Ka6 79. Ng7 Rg6 80. Nf5 Kb7 81. Ne7 Rd6 82. Qe4+ Kc7 83. Qc2+ (83. Qxh7 $11 Qf1 84. Nd5+ (84. Qc2+ Kd8 $17) 84... Kc6 85. Ne7+ Kc7 86. Ng6+ (86. Qc2+ Kd8 $17) 86... Kb6 87. Qh6) 83... Kd8 $15 84. Nf5 Rd7 {aiming for ...Qf1.} 85. Qe4 Qd5 (85... Qc5 $15 86. Qa4 Kc7) 86. Qb4 $1 $11 {[%cal Rb4b8]} Kc7 87. Qc3+ (87. Ne7 $11 Qd6 88. Qc4+ Kd8 89. Nc6+ Kc7 90. Ne7+ Kb7 91. Qb5+ Kc7 92. Qc4+) 87... Kb8 (87... Kb6 $15) 88. Qb4+ Kc7 89. Qc3+ ({White should play} 89. Ne7 $11 Qd6 90. Qc4+ Kd8 91. Nc6+ Kc7 92. Nxe5+ Kb8 93. Qc5) 89... Kb6 $1 $15 90. Qb4+ Qb5 91. Qe4 Qc5 92. Qa4 Rd2 93. Qh4 (93. Qb3+ $142 Kc7 94. Qf7+ Rd7 95. Qb3) 93... Qc2 $2 ({Better is} 93... Rd1 $17 {( -> ...Qg1+)} 94. Kg3 Ka5 95. Qxh7 Rd2) 94. Ne3 $11 {The position is equal.} Qd3 95. Nc4+ Kc5 96. Nxd2 Qxd2 97. Qe7+ Qd6 98. Qa7+ Kc4 99. Qf7+ Kc3 {Precision: White = 62%, Black = 54%.} 1/2-1/2

[Event "WYCC 2018 O18"]
[Site "Halkidiki"]
[Date "2018.10.26"]
[Round "7"]
[White "Janik, Igor"]
[Black "Sarana, Alexey"]
[Result "1-0"]
[WhiteElo "2453"]
[BlackElo "2641"]
[Annotator "TA"]
[PlyCount "99"]
[EventDate "2018.10.20"]
[EventType "swiss"]
[EventCountry "GRE"]
[SourceTitle "playchess.com"]
[Source "ChessBase"]
[SourceQuality "1"]

{[%evp 30,99,-8,-8,0,-26,-16,-48,-48,-48,-48,-48,-48,-48,-42,-56,-10,-11,-11,-11,-10,-15,-11,-15,-14,-15,-9,-15,121,121,119,115,133,128,141,130,142,132,133,139,295,289,270,247,231,242,285,282,295,301,393,388,368,233,216,184,229,237,453,458,474,467,469,448,463,462,445,443,430,418,410,404]} 1. d4 Nf6 2. c4 g6 3. Nf3 Bg7 4. g3 d5 5. Bg2 O-O 6. O-O Nc6 7. cxd5 Nxd5 8. Nc3 Nb6 9. d5 Na5 10. Qc2 Nxd5 {[%cal Bb6d5,Bd5b4,Bb4d3][%mdl 32]} 11. Rd1 c6 12. e4 {D76: Fianchetto Grünfeld: Main Line with 7...Nb6} (12. Ne1 Bxc3 13. bxc3 Qc7 14. c4 Nb6 15. c5 Nbc4 16. Bh6 Re8 17. Nf3 f6 18. Rd4 Be6 19. Bf4 Qc8 {0-1 (45) Van Wely,L (2675)-Firouzja,A (2499) Bandar e Anzali 2017}) 12... Nb4 13. Qa4 b5 14. Rxd8 bxa4 15. Rxf8+ Kxf8 16. Nxa4 {LiveBook: 5 Games} Nd3 17. Bd2 $146 ({Predecessor:} 17. Bf1 Nxc1 18. Rxc1 Bg4 19. Kg2 Rd8 {1-0 (36) Platzgummer,F (2260)-Vogel,R (2207) Bayern 2012}) 17... Nc4 18. Bc3 Bxc3 19. bxc3 Nb6 20. Nxb6 axb6 21. Rd1 Ba6 22. Rb1 Nc5 23. Rxb6 Bb5 24. c4 Na4 25. Rb7 Bxc4 26. Ne5 Bb5 27. Nd7+ Ke8 28. e5 {Hoping for Nb8.} Kd8 (28... Rd8 $11 {keeps the balance.} 29. Bh3 Nc3) 29. e6 $16 fxe6 {[#]} 30. Nf8 $1 {Black must now prevent Rxb5!} Nc3 31. Nxe6+ Kc8 32. Rc7+ Kb8 33. Bxc6 Bxc6 34. Rxc6 {[%mdl 4096] Endgame KRN-KRN} Ne2+ $2 {[#]} (34... Nd5 $16 {keeps fighting.}) 35. Kg2 $18 Rxa2 36. Nf8 Nd4 37. Rc3 Kb7 38. Nxh7 Ra8 39. Ng5 Rf8 40. Re3 Nc6 41. h4 Rf6 42. Ne4 Rf7 43. Rf3 Rh7 $2 (43... Ne5 44. Re3 Rf5) 44. Ng5 Rh6 45. Rf7 Kc7 46. Rg7 Kd7 47. Nf7 Rh5 48. Rxg6 Rf5 49. Ng5 Ne5 50. Ra6 {Precision: White = 77%, Black = 42%.} 1-0

[Event "WYCC 2018 O18"]
[Site "Halkidiki"]
[Date "2018.10.26"]
[Round "7"]
[White "Makhnev, Denis"]
[Black "Agmanov, Zhandos"]
[Result "1/2-1/2"]
[WhiteElo "2442"]
[BlackElo "2354"]
[Annotator "TA"]
[PlyCount "56"]
[EventDate "2018.10.20"]
[EventType "swiss"]
[EventCountry "GRE"]
[SourceTitle "playchess.com"]
[Source "ChessBase"]
[SourceQuality "1"]

{[%evp 13,56,2,4,2,10,5,22,14,20,0,0,10,16,5,2,23,26,20,22,20,8,11,18,8,20,18,56,65,46,34,27,9,17,1,17,0,11,8,14,13,19,18,8,9,16]} 1. d4 Nf6 2. Bf4 e6 3. e3 b6 4. Nf3 Bb7 5. Be2 Be7 6. h3 O-O 7. O-O d5 {LiveBook: 5 Games. A47: 1 d4 Nf6 2 Nf3 b6: Torre, London and Colle Systems} (7... c5) 8. c4 dxc4 9. Bxc4 c5 10. dxc5 Bxc5 11. Nc3 Qe7 12. Qe2 Nc6 13. Bg5 {[%cal Bf4g5,Bg5h4,Bh4g3][%mdl 32]} h6 $146 ({Predecessor:} 13... Bd6 14. Bd3 Ne5 15. Be4 Rac8 16. Nd2 Bb4 17. Bxf6 gxf6 18. Bxb7 Qxb7 19. Nde4 f5 20. Nf6+ Kg7 21. Nh5+ Kh8 {½-½ (21) Lechtynsky,J (2430)-Kacirek,P (2260) Klatovy 1997}) 14. Bh4 g5 15. Bg3 Rfd8 16. Rac1 Rac8 17. a3 Bd6 18. Bxd6 Rxd6 19. Ba6 Rcd8 20. Bxb7 Qxb7 21. Nb5 R6d7 22. Qc4 Ne7 {The position is equal.} 23. Nbd4 Qe4 24. Qc2 Qxc2 25. Rxc2 Rd5 26. Rc7 R8d7 27. Rfc1 Rxc7 28. Rxc7 Rd7 {Precision: White = 73%, Black = 67%.} 1/2-1/2